1661 1228 1828 1283 1169 1646 1070 1827 1121 1726 1427 1200 1677 1038 1267 1715 1718 1118 1016 1448 1318 1138 1661 1339 1964 1577 1483 1470 1065 1768 1949 1260 1425 1212 1781 1628 1755 1487 1731 1197 1891 1084 1552 1533 1063 1949 1783 1680 1588 1650 1552 1467 1045 1722 1780 1471 1693 1044 1110 1862 1878 1186 1018 1868 1758 1975 1797 1616 1395 1619 1256 1846 1645 1193 1466 1929 1865 1003 1981 1490 1389 1048 1907 1028 1002 1477 1736 1207 1211 1136 1456 1021 1179 1204 1896 1900 1159 1471 1613 BCNSPRNW ULIB Ver.6.0+V

เปลี่ยนเป็นภาษาไทย

Change to English
 แสดงรายละเอียดบรรณานุกรม
  กลับหน้าหลัก

Brief Record : Get Marc (ISO 2709) : E-mail record : QR code < ปิดหน้าต่าง
LEADER : 00000nam 2200000uu 4500
001    13399115115
003     ULIB
008    020711s2548 th a 000 0 tha d
020    ^a9789741402847
082    ^aนว.^bซ331ก
100    ^aซี เอส ลูอิส
245    ^aกำเนิดนาร์เนีย (The Magician Nephew) (ปกแข็ง)/^cซี เอส ลูอิส
260    ^aกรุงเทพฯ :^bผีเสื้อ,^c2548
300    ^a240 หน้า
945    ^p273^l0^i020541
999    ^aวรรณษา ชูชัยมงคล
รายการนี้ยังไม่มีแท็ก
คุณยังไม่ได้ล็อกอิน คุณสามารถมีกิจกรรมร่วมกับเว็บไซต์ได้ แต่ต้องล็อกอินก่อน ::
  ล็อกอิน

รายการสื่อสารสนเทศ

ลำดับที่ ประเภท เลขเรียก/บาร์โค้ด สถานที่ สถานะ
- ไม่พบข้อมูล -

BibComment


ยังไม่เคยถูกคอมเมนท์

คอมเมนท์ทรัพยากรรายการนี้
  คอมเมนท์: กำเนิดนาร์เนีย T..


 Copyright 2026. Bcnsprnw @Library